Klikkaa oikeaa maanosaa - Statistics

Yleistilastot
  • Tätä visaa on pelattu 1 110 kertaa
  • Keskiarvotulos 12 / 20
Vastaustilastot
Hint Vastaus % Oikein
Väkirikkain maanosa 1. Aasia
89%
Siellä on eniten pussieläinlajeja 3. Australia
82%
Moskova sijaitsee siellä 6. Eurooppa
77%
Matalin asukkaiden mediaani-ikä 2. Afrikka
72%
Pinta-alaltaan suurin maanosa 1. Aasia
67%
Suurin osa maailman 100:sta nopeimmasta maratoonarista on syntynyt täällä 2. Afrikka
67%
Keskilämpötilaltaan kuumin maanosa 2. Afrikka
66%
Korkein asukkaiden mediaani-ikä 6. Eurooppa
66%
Perunat ovat alun perin lähtöisin täältä 4. Etelä-Amerikka
64%
Koripallo keksittiin täällä 7. Pohjois-Amerikka
63%
Eniten tornadoja 7. Pohjois-Amerikka
63%
Enemmän lampaita kuin ihmisiä 3. Australia
57%
Korkein keskimääräinen tuulen nopeus 5. Etelämanner
54%
Costa Rica on osa tätä maanosaa 7. Pohjois-Amerikka
54%
Siellä on täsmälleen kaksi sisämaavaltiota 4. Etelä-Amerikka
51%
Vähäsateisin 5. Etelämanner
37%
Siellä on eniten lintulajeja 4. Etelä-Amerikka
34%
Eniten taloudellista tuotantoa 1. Aasia
32%
Eniten järvien peittämää pinta-alaa 7. Pohjois-Amerikka
30%
Eniten olympialaisten kultamitaleita 6. Eurooppa
27%
Ehtoja vastaavia visoja ei löytynyt
Tulosjakauma
Jokaisen tuloksen saaneiden osuus
Persentiili vastausten määrän mukaan
Tuloshistoriasi
Et ole pelannut tätä visaa